<?xml version="1.0" encoding="UTF-8"?><?xml-stylesheet type="text/xsl" href="static/style.xsl"?><OAI-PMH xmlns="http://www.openarchives.org/OAI/2.0/" xmlns:xsi="http://www.w3.org/2001/XMLSchema-instance" xsi:schemaLocation="http://www.openarchives.org/OAI/2.0/ http://www.openarchives.org/OAI/2.0/OAI-PMH.xsd"><responseDate>2026-05-17T00:18:34Z</responseDate><request verb="GetRecord" identifier="oai:repisalud.isciii.es:20.500.12105/23384" metadataPrefix="marc">https://repisalud.isciii.es/rest/oai/request</request><GetRecord><record><header><identifier>oai:repisalud.isciii.es:20.500.12105/23384</identifier><datestamp>2024-10-04T13:16:24Z</datestamp><setSpec>com_20.500.12105_15322</setSpec><setSpec>com_20.500.12105_2051</setSpec><setSpec>col_20.500.12105_16967</setSpec></header><metadata><record xmlns="http://www.loc.gov/MARC21/slim" xmlns:dcterms="http://purl.org/dc/terms/" xmlns:doc="http://www.lyncode.com/xoai" xmlns:xsi="http://www.w3.org/2001/XMLSchema-instance" xsi:schemaLocation="http://www.loc.gov/MARC21/slim http://www.loc.gov/standards/marcxml/schema/MARC21slim.xsd">
   <leader>00925njm 22002777a 4500</leader>
   <datafield ind2=" " ind1=" " tag="042">
      <subfield code="a">dc</subfield>
   </datafield>
   <datafield ind2=" " ind1=" " tag="720">
      <subfield code="a">Conde-Pipó, Javier</subfield>
      <subfield code="e">author</subfield>
   </datafield>
   <datafield ind2=" " ind1=" " tag="720">
      <subfield code="a">Bouzas, Cristina</subfield>
      <subfield code="e">author</subfield>
   </datafield>
   <datafield ind2=" " ind1=" " tag="720">
      <subfield code="a">Mariscal-Arcas, Miguel</subfield>
      <subfield code="e">author</subfield>
   </datafield>
   <datafield ind2=" " ind1=" " tag="720">
      <subfield code="a">Tur, Josep A</subfield>
      <subfield code="e">author</subfield>
   </datafield>
   <datafield ind2=" " ind1=" " tag="260">
      <subfield code="c">2022-04-25</subfield>
   </datafield>
   <datafield ind2=" " ind1=" " tag="520">
      <subfield code="a">Research assessing the relationship between functional fitness (FF) and health-related quality of life (HRQoL) is still scarce. The objective of this research is to assess the association between FF and HRQoL in older adults with metabolic syndrome (MetS) from Balearic Islands (Spain). The design is a cross-sectional, descriptive, and comparative study involving 209 participants (42.2% women). The sociodemographic data and medical history of the participants were collected. Physical activity was evaluated using the Spanish version of the Rapid Assessment of Physical Activity Questionnaire. Anthropometrics and blood pressure were measured. Glucose, total cholesterol, high-density lipoprotein cholesterol, and triglyceride plasma levels were measured. A battery of functional fitness tests was applied. HRQoL was measured with the Spanish version of the SF-36 questionnaire. Adherence to the Mediterranean dietary pattern was assessed. In older subjects with MetS, a higher FF score and, within it, endurance, lower body strength, one-leg balance, and agility are positively associated with lower physical function (p &amp;lt; 0.001; d = 0.56), better general health (p = 0.019; d = 0.35), and better summary physical component of HRQoL (p &amp;lt; 0.001; d = 0.57). The FF score and HRQoL physical component are both positively associated with high levels of physical activity (ORadj = 10.3, IC 4.19-28.2, p &amp;lt; 0.001; ORadj = 3.25, IC 1.44-7.72, p &amp;lt; 0.005). Older adults with MetS should consider practicing physical activity above the general recommendations to improve their functional fitness and health status and quality of life.</subfield>
   </datafield>
   <datafield ind1="8" ind2=" " tag="024">
      <subfield code="a">Nutrients. 2022 Apr 25;14(9):1798.</subfield>
   </datafield>
   <datafield ind1="8" ind2=" " tag="024">
      <subfield code="a">10.3390/nu14091798</subfield>
   </datafield>
   <datafield ind1="8" ind2=" " tag="024">
      <subfield code="a">2072-6643</subfield>
   </datafield>
   <datafield ind1="8" ind2=" " tag="024">
      <subfield code="a">Nutrients</subfield>
   </datafield>
   <datafield ind1="8" ind2=" " tag="024">
      <subfield code="a">http://hdl.handle.net/20.500.13003/18132</subfield>
   </datafield>
   <datafield ind1="8" ind2=" " tag="024">
      <subfield code="a">35565767</subfield>
   </datafield>
   <datafield ind1="8" ind2=" " tag="024">
      <subfield code="a">L2016509772</subfield>
   </datafield>
   <datafield ind1="8" ind2=" " tag="024">
      <subfield code="a">2-s2.0-85128744542</subfield>
   </datafield>
   <datafield ind1="8" ind2=" " tag="024">
      <subfield code="a">https://hdl.handle.net/20.500.12105/23384</subfield>
   </datafield>
   <datafield ind1="8" ind2=" " tag="024">
      <subfield code="a">794655200001</subfield>
   </datafield>
   <datafield ind2="0" ind1="0" tag="245">
      <subfield code="a">Association between Functional Fitness and Health-Related Quality of Life in the Balearic Islands' Old Adults with Metabolic Syndrome</subfield>
   </datafield>
</record></metadata></record></GetRecord></OAI-PMH>